000 00295nam a2200121Ia 4500
008 191201s2012 xx 000 0 und d
100 _aMEHTA, VK
245 0 _aBasic Electrical Engineering
250 _aRep
260 _c2012
_bS Chand and Co. Ltd.
_aNEW DELHI
300 _a989
942 _2ddc
_cBK
999 _c8071
_d8071